000 00298nam a22001337a 4500
008 170921b xxu||||| |||| 00| 0 eng d
020 _a9780697293848
041 _aeng
080 _25TH
_a78
100 _a45
101 _aMUZ
245 _aMUSIC THE ART OF LISTENING
_cFERRIS,J
942 _2udc
_cBK
999 _c28706
_d28706